[Event "Belgrade Summer op"]
[Site "Belgrade"]
[Date "2009.06.08"]
[Round "6"]
[White "Popovic, Milan Z"]
[Black "Mitrovic, Goran"]
[Result "1-0"]
[WhiteElo "2029"]
[BlackElo "1911"]
[PlyCount "99"]
[EventDate "2009.06.02"]
[EventType "swiss"]
[EventRounds "9"]
[EventCountry "SRB"]
[SourceTitle "EXT 2019"]
[Source "ChessBase"]
[SourceDate "2018.10.10"]
[SourceVersion "1"]
[SourceVersionDate "2018.10.10"]
[SourceQuality "1"]

1. Nf3 d5 2. g3 Nf6 3. Bg2 e6 4. d3 Be7 5. 0-0 0-0 6. Nbd2 b6 7. Re1 Bb7 8. h3 Nbd7 9. Nf1 e5 10. N3h2 h6 11. g4 Nh7 12. Ng3 Nc5 13. Nf5 Bf6 14. c3 Bc8 15. Ng3 Rb8 16. b4 Ne6 17. Nh5 Be7 18. Qb3 c6 19. a4 a6 20. Qa2 f5 21. b5 axb5 22. axb5 Bb7 23. Qb1 fxg4 24. Nxg4 Nf4 25. Nxf4 exf4 26. bxc6 Bxc6 27. d4 Bd6 28. Qg6 Kh8 29. Ba3 Bxa3 30. Qxc6 Bb2 31. Ra7 Rc8 32. Qg6 Qg5 33. Ne5 Rf6 34. Nf7+ Kg8 35. Qxg5 Nxg5 36. Nxg5 hxg5 37. Bxd5+ Kh7 38. Be4+ Kh6 39. Rd1 Bxc3 40. Kg2 b5 41. Rb7 b4 42. d5 Rd6 43. Rh1 Re8 44. f3 Kh5 45. Rb1 Kh6 46. Rf7 Rb8 47. h4 Rf6 48. hxg5+ Kxg5 49. Rxg7+ Kh6 50. Rg4 1-0

[Event "Belgrade Summer op"]
[Site "Belgrade"]
[Date "2009.06.04"]
[Round "3"]
[White "Mitrovic, Goran"]
[Black "Jandric, Damjan"]
[Result "0-1"]
[WhiteElo "1911"]
[BlackElo "1744"]
[PlyCount "74"]
[EventDate "2009.06.02"]
[EventType "swiss"]
[EventRounds "9"]
[EventCountry "SRB"]
[SourceTitle "EXT 2019"]
[Source "ChessBase"]
[SourceDate "2018.10.10"]
[SourceVersion "1"]
[SourceVersionDate "2018.10.10"]
[SourceQuality "1"]

1. e4 c5 2. Nf3 Nc6 3. d4 cxd4 4. Nxd4 g6 5. Nc3 Bg7 6. Be3 Nf6 7. Bc4 0-0 8. f3 Qb6 9. Bb3 Nxe4 10. Nxe4 Bxd4 11. Bxd4 Nxd4 12. Qd2 Nxb3 13. cxb3 d6 14. g4 d5 15. Ng3 Bd7 16. 0-0-0 Rfd8 17. Kb1 Bb5 18. h4 Qf6 19. f4 e5 20. f5 e4 21. g5 Qe5 22. Qe3 Bc6 23. fxg6 fxg6 24. Ne2 Rf8 25. Nd4 Qf4 26. Qh3 e3 27. Ne6 Qe4+ 28. Ka1 Bd7 29. Nc5 Bxh3 30. Nxe4 dxe4 31. Rxh3 e2 32. Re1 Rad8 33. Rhh1 Rd2 34. Kb1 Rfd8 35. Kc1 e3 36. a3 Rc8+ 37. Kb1 Rcc2 0-1

[Event "Belgrade Summer op"]
[Site "Belgrade"]
[Date "2009.06.03"]
[Round "2"]
[White "Pusonja, Nikola"]
[Black "Mitrovic, Goran"]
[Result "1/2-1/2"]
[WhiteElo "1677"]
[BlackElo "1911"]
[PlyCount "57"]
[EventDate "2009.06.02"]
[EventType "swiss"]
[EventRounds "9"]
[EventCountry "SRB"]
[SourceTitle "EXT 2019"]
[Source "ChessBase"]
[SourceDate "2018.10.10"]
[SourceVersion "1"]
[SourceVersionDate "2018.10.10"]
[SourceQuality "1"]

1. e4 e5 2. Nc3 Nc6 3. g3 Nf6 4. Bg2 Be7 5. d3 h6 6. Nge2 d6 7. f4 Bg4 8. h3 Bxe2 9. Qxe2 Nd4 10. Qf2 Nh5 11. 0-0 0-0 12. Be3 Nxg3 13. fxe5 Nxf1 14. Bxd4 c5 15. exd6 Bh4 16. Qxf1 cxd4 17. Nd5 Qxd6 18. Qe2 Rae8 19. Qg4 Bg5 20. Rf1 Re6 21. Kh1 Rg6 22. Rf5 Bd8 23. Qe2 Qe6 24. Nf4 Qxa2 25. Nxg6 fxg6 26. Rxf8+ Kxf8 27. Qf2+ Kg8 28. Qxd4 Qa1+ 29. Qg1 1/2-1/2

[Event "Belgrade Summer op"]
[Site "Belgrade"]
[Date "2009.06.02"]
[Round "1"]
[White "Mitrovic, Goran"]
[Black "Nestorovic, Lazar"]
[Result "0-1"]
[WhiteElo "1911"]
[BlackElo "2201"]
[PlyCount "56"]
[EventDate "2009.06.02"]
[EventType "swiss"]
[EventRounds "9"]
[EventCountry "SRB"]
[SourceTitle "EXT 2019"]
[Source "ChessBase"]
[SourceDate "2018.10.10"]
[SourceVersion "1"]
[SourceVersionDate "2018.10.10"]
[SourceQuality "1"]

1. e4 c5 2. Nf3 e6 3. c4 Nc6 4. d4 cxd4 5. Nxd4 Nf6 6. Nc3 Bb4 7. Nxc6 bxc6 8. Bd3 e5 9. 0-0 d6 10. Bg5 h6 11. Bxf6 gxf6 12. Nd5 Bc5 13. Ne3 Ke7 14. Be2 Rg8 15. Kh1 Rg5 16. Qd3 Qb6 17. Rab1 Be6 18. b4 Bd4 19. c5 dxc5 20. bxc5 Qxc5 21. Rfc1 Qd6 22. Rb7+ Kf8 23. Nf5 Bxf5 24. exf5 Rd8 25. h4 Rg7 26. f3 e4 27. fxe4 Qf4 28. Rd1 Rg3 0-1

[Event "Belgrade Spring op"]
[Site "Belgrade"]
[Date "2009.03.29"]
[Round "7"]
[White "Ugrenovic, Bozidar"]
[Black "Mitrovic, Goran"]
[Result "0-1"]
[WhiteElo "2104"]
[BlackElo "1897"]
[PlyCount "38"]
[EventDate "2009.03.21"]
[EventType "swiss"]
[EventRounds "9"]
[EventCountry "YUG"]
[SourceTitle "CBM 129 Extra"]
[Source "ChessBase"]
[SourceDate "2009.05.05"]
[SourceVersion "2"]
[SourceVersionDate "2009.05.20"]
[SourceQuality "1"]

1. e4 e5 2. Nf3 Nc6 3. Bc4 Bc5 4. c3 Bb6 5. b4 a6 6. 0-0 Nf6 7. d3 d5 8. exd5 Nxd5 9. Qb3 Be6 10. Ng5 0-0 11. a4 Ba7 12. Ra2 h6 13. Nxe6 fxe6 14. Re2 Kh8 15. Qc2 b5 16. Bb3 Qf6 17. Nd2 Qg6 18. Kh1 Qg4 19. Qd1 Nxc3 0-1

[Event "Belgrade-ch"]
[Site "Belgrade"]
[Date "2009.01.30"]
[Round "7"]
[White "Pusonja, Nikola"]
[Black "Mitrovic, Goran"]
[Result "1/2-1/2"]
[WhiteElo "1660"]
[BlackElo "1897"]
[PlyCount "70"]
[EventDate "2009.01.24"]
[EventType "swiss"]
[EventRounds "9"]
[EventCountry "YUG"]
[SourceTitle "CBM 128 Extra"]
[Source "ChessBase"]
[SourceDate "2009.03.05"]
[SourceVersion "2"]
[SourceVersionDate "2009.03.25"]
[SourceQuality "1"]

1. e4 e5 2. Nf3 Nc6 3. Bc4 Bc5 4. 0-0 Nf6 5. d4 Bxd4 6. Nxd4 Nxd4 7. f4 d6 8. fxe5 dxe5 9. Bg5 Be6 10. Na3 Qe7 11. c3 Bxc4 12. Bxf6 gxf6 13. Nxc4 Ne6 14. Kh1 Qc5 15. Na3 Qe3 16. Qa4+ Ke7 17. Rf3 Qb6 18. Raf1 Rad8 19. Rxf6 Rhf8 20. Qc2 Qe3 21. Qf2 Qxf2 22. R6xf2 f6 23. Nc2 Ng5 24. Re2 Ke6 25. h4 Nf7 26. Ne3 Nd6 27. Nf5 Rg8 28. Kh2 Rg4 29. Nxd6 Rxd6 30. Kh3 h5 31. Rf3 Rd1 32. g3 c5 33. b3 b5 34. Rfe3 a5 35. Kg2 Rg8 1/2-1/2

[Event "Belgrade Trophy 21st"]
[Site "Obrenovac"]
[Date "2008.12.03"]
[Round "7"]
[White "Stojkovic, Milanko"]
[Black "Mitrovic, Goran"]
[Result "0-1"]
[WhiteElo "2120"]
[BlackElo "1859"]
[PlyCount "70"]
[EventDate "2008.11.27"]
[EventType "swiss"]
[EventRounds "9"]
[EventCountry "YUG"]
[SourceTitle "CBM 127 Extra"]
[Source "ChessBase"]
[SourceDate "2009.01.08"]
[SourceVersion "2"]
[SourceVersionDate "2009.01.28"]
[SourceQuality "1"]

1. d4 Nf6 2. c4 e6 3. Nf3 c5 4. d5 exd5 5. cxd5 d6 6. Nc3 g6 7. e4 Bg7 8. Bb5+ Bd7 9. a4 0-0 10. 0-0 a6 11. Bd3 Bg4 12. h3 Bxf3 13. Qxf3 Nbd7 14. Bf4 Qb6 15. Rab1 Rac8 16. g4 Ne8 17. Qg3 Ne5 18. Bc2 Nf6 19. Bc1 Nfd7 20. f4 Nc4 21. b3 Na5 22. Kh1 c4 23. Be3 Bd4 24. Bxd4 Qxd4 25. Rfd1 Qg7 26. b4 Nb3 27. Bxb3 cxb3 28. Rxb3 Rc4 29. Qd3 Rfc8 30. Ne2 Nf6 31. Rc3 Rxc3 32. Nxc3 Nxg4 33. hxg4 Rxc3 34. Qf1 Qh6+ 35. Kg1 Rg3+ 0-1

[Event "Belgrade Trophy 21st"]
[Site "Obrenovac"]
[Date "2008.12.01"]
[Round "5"]
[White "Mitrovic, Goran"]
[Black "Milanko, Nikola"]
[Result "1/2-1/2"]
[WhiteElo "1859"]
[BlackElo "2095"]
[PlyCount "34"]
[EventDate "2008.11.27"]
[EventType "swiss"]
[EventRounds "9"]
[EventCountry "YUG"]
[SourceTitle "CBM 127 Extra"]
[Source "ChessBase"]
[SourceDate "2009.01.08"]
[SourceVersion "2"]
[SourceVersionDate "2009.01.28"]
[SourceQuality "1"]

1. e4 e6 2. d4 d5 3. Nc3 dxe4 4. Nxe4 Nd7 5. Nf3 Ngf6 6. Bg5 Be7 7. Nxf6+ Nxf6 8. Bd3 c5 9. dxc5 Qa5+ 10. c3 Qxc5 11. 0-0 0-0 12. Qe2 Bd7 13. Ne5 Rad8 14. Rad1 Bc8 15. Nf3 b6 16. Ba6 Bxa6 17. Qxa6 Qc7 1/2-1/2

[Event "Belgrade Spring op"]
[Site "Belgrade"]
[Date "2008.04.01"]
[Round "8"]
[White "Mitrovic, Goran"]
[Black "Zivkovic, Dragoslav"]
[Result "0-1"]
[WhiteElo "1700"]
[BlackElo "2086"]
[PlyCount "127"]
[EventDate "2008.03.25"]
[EventType "swiss"]
[EventRounds "9"]
[EventCountry "YUG"]
[SourceTitle "CBM 123 Extra"]
[Source "ChessBase"]
[SourceDate "2008.05.06"]
[SourceVersion "1"]
[SourceVersionDate "2008.05.06"]
[SourceQuality "1"]

1. e4 c6 2. d4 d5 3. Nc3 dxe4 4. Nxe4 Bf5 5. Ng3 Bg6 6. h4 h6 7. h5 Bh7 8. Nf3 Nd7 9. Bd3 Bxd3 10. Qxd3 e6 11. Bf4 Ngf6 12. 0-0-0 Nd5 13. Bd2 Qc7 14. Kb1 0-0-0 15. Qb3 Qb6 16. Qxb6 axb6 17. c4 N5f6 18. Bf4 Be7 19. Rd3 Ng4 20. Rd2 Rhf8 21. Rc1 c5 22. Rc3 Nb8 23. Rcd3 Nf6 24. d5 Bd6 25. dxe6 Bxf4 26. e7 Bxd2 27. Rxd2 Nc6 28. exd8Q+ Rxd8 29. Rxd8+ Kxd8 30. a3 Kd7 31. Kc2 Ke6 32. Kd3 Ne5+ 33. Nxe5 Kxe5 34. Ke3 Ng4+ 35. Kf3 f5 36. Ne2 Nf6 37. Nf4 Ne4 38. Ke3 Nd6 39. Ng6+ Kf6 40. b3 Kg5 41. Nf4 Ne8 42. Nd5 Kxh5 43. Nxb6 Nf6 44. b4 cxb4 45. axb4 g5 46. Na4 f4+ 47. Kf3 Kg6 48. Nc5 b6 49. Na4 Nd7 50. Nxb6 Nxb6 51. c5 Nd7 52. Ke4 Kf6 53. Kd5 Ke7 54. b5 Kd8 55. b6 Kc8 56. Kd6 Nb8 57. c6 Nxc6 58. Kxc6 h5 59. Kd5 h4 60. Ke4 Kb7 61. Kf5 f3 62. gxf3 h3 63. Kxg5 h2 64. f4 0-1

[Event "Belgrade Spring op"]
[Site "Belgrade"]
[Date "2008.03.29"]
[Round "5"]
[White "Danojlic, Petar"]
[Black "Mitrovic, Goran"]
[Result "0-1"]
[WhiteElo "1897"]
[BlackElo "1700"]
[PlyCount "35"]
[EventDate "2008.03.25"]
[EventType "swiss"]
[EventRounds "9"]
[EventCountry "YUG"]
[SourceTitle "CBM 123 Extra"]
[Source "ChessBase"]
[SourceDate "2008.05.06"]
[SourceVersion "1"]
[SourceVersionDate "2008.05.06"]
[SourceQuality "1"]

1. e4 e5 2. Nf3 Nc6 3. Bc4 Bc5 4. c3 Bb6 5. b4 a6 6. d3 h6 7. Ba3 d6 8. d4 exd4 9. cxd4 Bg4 10. Bb2 Qf6 11. e5 dxe5 12. dxe5 Qf4 13. Qb3 Bxf3 14. gxf3 0-0-0 15. Bxf7 Nd4 16. Qc4 Nxf3+ 17. Kf1 Nd2+ 18. Nxd2 0-1

[Event "Belgrade Spring op"]
[Site "Belgrade"]
[Date "2008.03.26"]
[Round "2"]
[White "Radosevic, Nenad"]
[Black "Mitrovic, Goran"]
[Result "1-0"]
[WhiteElo "2191"]
[BlackElo "1700"]
[PlyCount "59"]
[EventDate "2008.03.25"]
[EventType "swiss"]
[EventRounds "9"]
[EventCountry "YUG"]
[SourceTitle "CBM 123 Extra"]
[Source "ChessBase"]
[SourceDate "2008.05.06"]
[SourceVersion "1"]
[SourceVersionDate "2008.05.06"]
[SourceQuality "1"]

1. d4 Nf6 2. Nf3 d5 3. c4 e6 4. Nc3 Bb4 5. Bg5 0-0 6. e3 c5 7. cxd5 exd5 8. dxc5 Bxc5 9. Bxf6 Qxf6 10. Qxd5 Bb4 11. Qd4 Qe7 12. Bb5 a6 13. Ba4 b5 14. Bc2 Bb7 15. 0-0 Rd8 16. Qg4 Nd7 17. Nd4 Nf6 18. Qh4 g6 19. Nce2 Rac8 20. Rac1 Qe5 21. Bb3 Bd6 22. Nf3 Bxf3 23. gxf3 Rxc1 24. Rxc1 Qxb2 25. Rc6 Kg7 26. Nd4 Be5 27. Rxa6 h6 28. Ra7 Nd7 29. Qe7 Qc1+ 30. Kg2 1-0

[Event "Belgrade Spring op"]
[Site "Belgrade"]
[Date "2008.03.25"]
[Round "1"]
[White "Mitrovic, Goran"]
[Black "Andric, Vladimir"]
[Result "1/2-1/2"]
[WhiteElo "1700"]
[BlackElo "2115"]
[PlyCount "50"]
[EventDate "2008.03.25"]
[EventType "swiss"]
[EventRounds "9"]
[EventCountry "YUG"]
[SourceTitle "CBM 123 Extra"]
[Source "ChessBase"]
[SourceDate "2008.05.06"]
[SourceVersion "1"]
[SourceVersionDate "2008.05.06"]
[SourceQuality "1"]

1. e4 c5 2. Nf3 d6 3. Nc3 Nf6 4. d4 cxd4 5. Bb5+ Bd7 6. Bxd7+ Qxd7 7. Nxd4 Nc6 8. 0-0 Nxd4 9. Qxd4 e5 10. Qd3 Be7 11. Bg5 0-0 12. Rad1 Rfd8 13. Bxf6 Bxf6 14. Nd5 Be7 15. b3 Rac8 16. c4 Bf8 17. Qg3 Kh8 18. f4 f6 19. a4 exf4 20. Rxf4 Qe6 21. Qd3 a6 22. Rdf1 Re8 23. Rh4 Qe5 24. Rf5 Qa1+ 25. Rf1 Qe5 1/2-1/2

[Event "Belgrade Winter op"]
[Site "Belgrade"]
[Date "2008.01.30"]
[Round "9"]
[White "Gagic, Miroljub"]
[Black "Mitrovic, Goran"]
[Result "0-1"]
[WhiteElo "1911"]
[BlackElo "1700"]
[PlyCount "54"]
[EventDate "2008.01.22"]
[EventType "swiss"]
[EventRounds "9"]
[EventCountry "YUG"]
[SourceTitle "CBM 122 Extra"]
[Source "ChessBase"]
[SourceDate "2008.03.04"]
[SourceVersion "1"]
[SourceVersionDate "2008.03.04"]
[SourceQuality "1"]

1. e4 e5 2. Nf3 Nc6 3. d4 exd4 4. Nxd4 Bc5 5. Be3 Qf6 6. c3 Nge7 7. Qd3 d5 8. Nd2 Bd7 9. Nxc6 Qxc6 10. 0-0-0 Bxe3 11. Qxe3 Be6 12. Bd3 0-0 13. Kb1 a5 14. exd5 Nxd5 15. Qe4 f5 16. Qh4 a4 17. Qc4 a3 18. Nb3 Qxc4 19. Bxc4 Nxc3+ 20. bxc3 Bxc4 21. Rd7 Rfe8 22. Rhd1 Re2 23. R7d2 Rae8 24. Nc1 Rxd2 25. Rxd2 Re1 26. Kc2 Bb5 27. Nd3 Ba4# 0-1

[Event "Belgrade Winter op"]
[Site "Belgrade"]
[Date "2008.01.29"]
[Round "8"]
[White "Janic, Dusan"]
[Black "Mitrovic, Goran"]
[Result "0-1"]
[WhiteElo "1813"]
[BlackElo "1700"]
[PlyCount "62"]
[EventDate "2008.01.22"]
[EventType "swiss"]
[EventRounds "9"]
[EventCountry "YUG"]
[SourceTitle "CBM 122 Extra"]
[Source "ChessBase"]
[SourceDate "2008.03.04"]
[SourceVersion "1"]
[SourceVersionDate "2008.03.04"]
[SourceQuality "1"]

1. e4 e5 2. Nf3 Nc6 3. Bb5 a6 4. Ba4 d6 5. 0-0 Nf6 6. Re1 Be7 7. c3 0-0 8. h3 b5 9. Bc2 Bb7 10. d4 exd4 11. cxd4 h6 12. Nbd2 Re8 13. Nf1 Bf8 14. Ng3 Ne7 15. Bf4 Ng6 16. Bd2 Rc8 17. b4 c5 18. bxc5 dxc5 19. dxc5 Bxc5 20. a4 Qc7 21. Rc1 Qxg3 22. Be3 Bxe3 23. Rxe3 Qc7 24. axb5 axb5 25. Re1 Bxe4 26. Re2 b4 27. Nd4 Red8 28. f3 Bxc2 29. Rexc2 Qd7 30. Rxc8 Rxc8 31. Rxc8+ Qxc8 0-1

[Event "Belgrade Winter op"]
[Site "Belgrade"]
[Date "2008.01.26"]
[Round "5"]
[White "Mitrovic, Goran"]
[Black "Carnic, Dejan"]
[Result "0-1"]
[WhiteElo "1700"]
[BlackElo "2162"]
[PlyCount "64"]
[EventDate "2008.01.22"]
[EventType "swiss"]
[EventRounds "9"]
[EventCountry "YUG"]
[SourceTitle "CBM 122 Extra"]
[Source "ChessBase"]
[SourceDate "2008.03.04"]
[SourceVersion "1"]
[SourceVersionDate "2008.03.04"]
[SourceQuality "1"]

1. e4 e5 2. Nf3 Nc6 3. Bb5 Nf6 4. 0-0 Bc5 5. c3 0-0 6. d4 Bb6 7. Bg5 h6 8. Bh4 d6 9. Bxc6 bxc6 10. dxe5 dxe5 11. Qxd8 Rxd8 12. Nxe5 Ba6 13. Re1 g5 14. Bg3 Nxe4 15. Nxc6 Re8 16. Nd4 Nxg3 17. Rxe8+ Rxe8 18. hxg3 Re1+ 19. Kh2 Bxd4 20. cxd4 Bd3 21. g4 Rxb1 22. Rxb1 Bxb1 23. a3 Kf8 24. Kg3 Ke7 25. Kf3 Kd6 26. Ke3 Kd5 27. g3 a5 28. f4 a4 29. fxg5 hxg5 30. b4 axb3 31. Kd2 Kxd4 32. a4 b2 0-1

[Event "Belgrade Winter op"]
[Site "Belgrade"]
[Date "2008.01.22"]
[Round "1"]
[White "Mitrovic, Goran"]
[Black "Sarenac, David"]
[Result "0-1"]
[WhiteElo "1700"]
[BlackElo "2217"]
[PlyCount "52"]
[EventDate "2008.01.22"]
[EventType "swiss"]
[EventRounds "9"]
[EventCountry "YUG"]
[SourceTitle "CBM 122 Extra"]
[Source "ChessBase"]
[SourceDate "2008.03.04"]
[SourceVersion "1"]
[SourceVersionDate "2008.03.04"]
[SourceQuality "1"]

1. e4 c5 2. Nf3 d6 3. Nc3 a6 4. h3 Nf6 5. d4 cxd4 6. Nxd4 e5 7. Nf3 Be7 8. Be2 h6 9. Be3 Be6 10. 0-0 0-0 11. Qd2 Nbd7 12. Kh2 b5 13. a3 Rc8 14. Rg1 Nc5 15. Bd3 Qc7 16. Kh1 Rfd8 17. Qe1 Nxd3 18. cxd3 d5 19. Rc1 Qb8 20. exd5 Nxd5 21. Nxd5 Bxd5 22. d4 exd4 23. Nxd4 Bf6 24. Qb4 Qe5 25. b3 Be7 26. Qa5 Bd6 0-1